000 01586cam a22004097a 4500
003 CHAP
005 20220329141913.0
008 980512d1993 mx r 00110 spa d
010 _a75508
011 _a76480
020 _a970620184X
035 _a86065
040 _cCHAP
082 0 4 _a323.46
_bG6
100 0 0 _aGonzález Márquez, José Juan.
_949183
245 1 0 _aTemas de derecho económico mexicano
_c/por José Juan González Márquez [y otros]
260 _aMéxico, D. F. :
_bUniversidad Autónoma Metropolitana. Unidad Azcapotzalco. División de Ciencias Sociales y Humanidades,
_c1993.
300 _a152 p.
410 2 1 _aUAM. Unidad Azcapotzalco.
_bDivisión de Ciencias Sociales y Humanidades
490 0 _aSerie derecho
590 _aBATCH-UPD
_b10
_c20130110
_lUCH01
_h0729
590 _aBATCH-UPD
_b10
_c20130110
_lUCH01
_h2331
590 _aBATCH-UPD
_b10
_c20130410
_lUCH01
_h0412
590 _aBATCH-UPD
_b10
_c20130914
_lUCH01
_h1143
590 _aCONVERSION
_b10
_c20130109
_lUCH01
_h1341
650 1 _aHinojosa Luelmo, Juan Carlos
_955521
650 1 4 _aDerecho económico.
_931887
650 1 4 _aLegislación bancaria
_xMéxico.
_965659
700 0 _aFigueroa Díaz, Luis.
_940813
810 2 1 _aUAM. Unidad Azcapotzalco.
_bDivisión de Ciencias Sociales y Humanidades
_9115979
830 0 0 _aSerie derecho
_9104792
901 _aBK
905 _aLilia Sánchez G.
942 _cLIBRO
949 _a323.46 G6
_bBC
_cLIBRO
_d33724000595005
_eLIBRO
_fc.2
_h93217
_i86065
_kDonaciØn
_sb
949 _a323.46 G6
_bBC
_cLIBRO
_d33724000595013
_eLIBRO
_h93216
_i86065
_kDonaciØn
_sb
999 _c75508
_d75508